Moral tales / (Record no. 158793)
[ view plain ]
| 000 -LEADER | |
|---|---|
| campo de control de longitud fija | 00686nam a22001935i 4500 |
| 001 - NÚMERO DE CONTROL | |
| campo de control | 158793 |
| 003 - IDENTIFICADOR DE NÚMERO DE CONTROL | |
| campo de control | ES-MaACL |
| 005 - FECHA Y HORA DE LA ÚLTIMA TRANSACCIÓN | |
| campo de control | 20230906211323.0 |
| 008 - DATOS DE LONGITUD FIJA--INFORMACIÓN GENERAL | |
| campo de control de longitud fija | 040907s1800 xxkaf |||| | eng d |
| 040 ## - FUENTE DE CATALOGACIÓN | |
| Centro catalogador/agencia de origen | CAM |
| Lengua de catalogación | spa |
| Centro/agencia transcriptor | CAM |
| 100 1# - ENTRADA PRINCIPAL--NOMBRE DE PERSONA | |
| Nombre de persona | Marmontel, Jean-François. |
| 9 (RLIN) | 129519 |
| 245 10 - MENCIÓN DEL TÍTULO | |
| Título | Moral tales / |
| Mención de responsabilidad, etc. | by M. Marmontel; vol. I. |
| 250 ## - MENCION DE EDICION | |
| Mención de edición | A new edition. |
| 260 ## - PUBLICACIÓN, DISTRIBUCIÓN, ETC. | |
| Lugar de publicación, distribución, etc. | London : |
| Nombre del editor, distribuidor, etc. | printed for Cadell and Davis ...[et al.] by J. Cundee, |
| Fecha de publicación, distribución, etc. | 1800. |
| 300 ## - DESCRIPCIÓN FÍSICA | |
| Extensión | [2], III, [1] en bl., 260 p., [10] h. de grab. ; |
| Dimensiones | 12º. |
| 597 ## - NOTA DE DESCRIPCIÓN FÍSICA | |
| NOTA DE DESCRIPCIÓN FÍSICA | Sign.: []\p1\s, a\p2\s, B-L\p12\s, M\p8\s, N\p2\s. |
| 599 ## - NOTA A LAS ILUSTRACIONES | |
| NOTA A LAS ILUSTRACIONES | Las h. de grab. calc.: "W. Sharp, sculp." |
| 852 ## - LOCALIZACIÓN | |
| Ubicación | ES-MaACL |
| Número de control de estantería | G-10546 |
| Nota libre | -- Enc. hol. |
| Estatus retirado | Estado de pérdida | Estado de daño | No para préstamo | Biblioteca de origen | Biblioteca actual | Ubicación en estantería | Fecha de adquisición | Fuente de adquisición | Total de préstamos | Signatura topográfica completa | Código de barras | Visto por última vez | Precio de reemplazo | Tipo de ítem Koha |
|---|---|---|---|---|---|---|---|---|---|---|---|---|---|---|
| Biblioteca del Ateneo de Madrid | Biblioteca del Ateneo de Madrid | Sala Pecera Planta 3 | 17/01/2008 | G-10546 | 1166206 | 23/02/2023 | 23/02/2023 | Libro impreso antiguo |
